Guthrie's Guide to Better Legal Writing

Detalles Bibliográficos
Autor principal: Guthrie, Neil
Formato: eBook
Lenguaje:inglés
Publicado: Toronto: Irwin Law Inc., 2021
Edición:Segunda Edicin̤
Materias:
Acceso en línea:Acceso restringido

MARC

LEADER 00000nam a22000007a 4500
005 20210810224817.0
007 cr|||| ||||
008 210810s2021 ca |||||s|||| 00||0 eng d
020 |a 9781552215708 
035 |a 34983 
040 |a vLex 
090 |c 11963  |d 11963 
100 1 |a Guthrie, Neil 
245 1 0 |a Guthrie's Guide to Better Legal Writing  |h [Recurso electrn̤ico] /  |c Neil Guthrie 
250 |a Segunda Edicin̤ 
256 |a Servicio en ln̕ea 
260 |a Toronto:  |b Irwin Law Inc.,  |c 2021 
300 |a 1 recurso electrn̤ico 
500 |a Lawyers like to think they are good writers. Their non-lawyer readers are more likely to describe their writing as turgid, pedantic, Latin-filled, jargon-ridden, misspelt, ungrammatical, and inelegant. Guthrie’s Guide to Better Legal Writing won’t solve all your problems, but it will help you make your prose clear, correct, and compelling. The focus is on communicating more effectively in email, letters, memos, blog posts, client updates, and social media, but there are some pointers on contractual drafting and written advocacy as well. A bit of strategy, some grammar and spelling, and a lot of style. The second edition of Guthrie’s Guide incorporates significant new material based on reader queries and the author’s on-going review of the legal writing that crosses his desk and screen. 
506 1 |a Disponible solo en los productos indicados  |d vLex Global  |d vLex Global (Academic Edition, excluding Law Schools)  |d vLex Global (U.S. Academic Edition, Law Schools)  |d vLex Global (U.S. Academic Edition, excluding Law Schools)  |d vLex Global (Academic Edition, Law Schools) 
650 0 4 |a Abogados  |z Canad̀ 
650 0 4 |a Derecho Pb︢lico y Administrativo  |z Canad̀ 
740 0 |a vLex Libros (Servicio en ln̕ea) 
856 4 0 |u https://app.vlex.com/#/sources/34983  |z Acceso restringido 
942 |c BOOK 
999 0 |a Lawyers 
999 0 |a Public and Administrative Law